000 00802nam a22002177a 4500
005 20171117103044.0
010 _a1718CH-EN
020 _a9789351033394
_c295.00
035 _aB-671280-309
037 _adpl
_bBook Well
082 _aS
100 1 _aThea, Geronimo.
245 1 4 _aMouseford academy:
_bdance challenge /
_cby Thea Stilton ; [illustrations by Giuseppe Castelli ... et al.].
260 _aNew York :
_bScholastic
_c2017
270 _a557 Broadway
_bNew York
_eNY 10012
300 _a112p.:
_bcol. ill.,
_c20cm(pb)
490 _aMouseford academy- 4
700 1 _aCastelli,Giuseppe
_eill.
942 _2ddc
_cCH
_hS
_mSTI
999 _c141334
_d141334